[Event "Paris Apsap op 38th"]
[Site "Paris"]
[Date "2002.??.??"]
[Round "6"]
[White "Casalan, Francois"]
[Black "Vlahovic, Dimitri"]
[Result "1-0"]
[WhiteElo "1900"]
[BlackElo "1860"]
[PlyCount "45"]
[EventDate "2002.10.01"]
[EventType "tourn"]
[EventRounds "7"]
[EventCountry "FRA"]
[SourceTitle "EXT 2003"]
[Source "ChessBase"]
[SourceDate "2002.11.25"]
[SourceVersion "1"]
[SourceVersionDate "2002.11.25"]
[SourceQuality "1"]

1. e4 e5 2. Nf3 Nc6 3. Bb5 a6 4. Ba4 Nf6 5. 0-0 b5 6. Bb3 Be7 7. d3 0-0 8. c3 d6 9. h3 Nh5 10. Bd5 Bd7 11. Nxe5 dxe5 12. Qxh5 Rb8 13. f4 g6 14. Qf3 Bc5+ 15. Kh1 Qe7 16. f5 gxf5 17. exf5 Qf6 18. Nd2 Ne7 19. Ne4 Qxf5 20. Nf6+ Kh8 21. Nxd7 Qxd7 22. Qf6+ Kg8 23. Bh6 1-0